书目信息 |
| 题名: |
英汉微电子工程缩略语词典
|
|
| 作者: | 刘恩荣 主编 | |
| 分册: | ||
| 出版信息: | 北京 电子工业出版社 1995.05 |
|
| 页数: | 565页 | |
| 开本: | 32开 | |
| 丛书名: | ||
| 单 册: | ||
| 中图分类: | TN-61 | |
| 科图分类: | ||
| 主题词: | 无线电电子学 , 通信技术 | |
| 电子资源: | ||
| ISBN: | 7-5053-2175-7 | |
| 000 | 00609nam0 2200205 45 | |
| 001 | 0003171484 | |
| 005 | 20000317145212.2 | |
| 010 | @a7-5053-2175-7@d36.00元 | |
| 100 | @a20000317d1995 km y0chiy0120 ea | |
| 101 | @achi | |
| 105 | @a z 000yy | |
| 200 | 1 | @a英汉微电子工程缩略语词典@AYing Han Wei Dian Zi Gong Cheng Suo Lue Yu Ci Dian@f刘恩荣主编@FLiu En Rong Zhu Bian |
| 210 | @a北京@c电子工业出版社@d1995.05 | |
| 215 | @a565页@d32开 | |
| 606 | 0 | @a无线电电子学 |
| 606 | 0 | @a通信技术 |
| 690 | @aTN-61@v3 | |
| 701 | @a刘恩荣@4主编 | |
| 801 | @aCN@bPftUser@c20000317 | |
| 905 | @f3@b51003-005@dTN-61@eL729 | |
| 英汉微电子工程缩略语词典/刘恩荣主编.-北京:电子工业出版社,1995.05 |
| 565页;32开 |
| ISBN 7-5053-2175-7:36.00元 |
| ● |
| 相关链接 |
|
|
|
正题名:英汉微电子工程缩略语词典
索取号:TN-61/L729
 
预约/预借
| 序号 | 登录号 | 条形码 | 馆藏地/架位号 | 状态 | 备注 |
| 1 | 51003 | 200510036 | 自科二线400A/400A自科库 1排2列2层/ [索取号:TN-61/L729] | 在馆 | |
| 2 | 51004 | 200510045 | 自科二线400A/400A自科库 1排2列2层/ [索取号:TN-61/L729] | 在馆 | |
| 3 | 51005 | 200510054 | 自科库301/301自科库 23排3列2层/ [索取号:TN-61/L729] | 在馆 |